<?xml version="1.0" encoding="UTF-8"?><?xml-stylesheet type="text/xsl" href="static/style.xsl"?><OAI-PMH xmlns="http://www.openarchives.org/OAI/2.0/" xmlns:xsi="http://www.w3.org/2001/XMLSchema-instance" xsi:schemaLocation="http://www.openarchives.org/OAI/2.0/ http://www.openarchives.org/OAI/2.0/OAI-PMH.xsd"><responseDate>2026-04-13T15:07:33Z</responseDate><request verb="GetRecord" identifier="oai:www.recercat.cat:2099.1/15161" metadataPrefix="marc">https://recercat.cat/oai/request</request><GetRecord><record><header><identifier>oai:recercat.cat:2099.1/15161</identifier><datestamp>2025-07-23T03:05:08Z</datestamp><setSpec>com_2072_1033</setSpec><setSpec>col_2072_452951</setSpec></header><metadata><record xmlns="http://www.loc.gov/MARC21/slim" xmlns:dcterms="http://purl.org/dc/terms/" xmlns:xsi="http://www.w3.org/2001/XMLSchema-instance" xmlns:doc="http://www.lyncode.com/xoai" xsi:schemaLocation="http://www.loc.gov/MARC21/slim http://www.loc.gov/standards/marcxml/schema/MARC21slim.xsd">
   <leader>00925njm 22002777a 4500</leader>
   <datafield ind2=" " ind1=" " tag="042">
      <subfield code="a">dc</subfield>
   </datafield>
   <datafield ind2=" " ind1=" " tag="720">
      <subfield code="a">Lopez Anguita, Francisco</subfield>
      <subfield code="e">author</subfield>
   </datafield>
   <datafield ind2=" " ind1=" " tag="260">
      <subfield code="c">2012-02</subfield>
   </datafield>
   <datafield ind2=" " ind1=" " tag="520">
      <subfield code="a">El projecte consisteix en el disseny i muntatge d’un banc de proves hidràulic per a bombes volumètriques,&#xd;
destinat a la realització de pràctiques docents. Es podrà veure i analitzar el funcionament d’una bomba&#xd;
volumètrica, comprovar les pressions de treball a diferents cabals, i obtenir les corbes cabal/longitud&#xd;
carrera de la bomba.&#xd;
El present projecte s’ha dividit fonamentalment en quatre parts, la primera part consta d’un anàlisi de&#xd;
mercat i selecció de la bomba, la segona part la formen l’estudi per a l’elecció de les canonades i&#xd;
muntatge de la bancada, la tercera és l’adquisició del material necessari per realitzar el muntatge del banc&#xd;
i sincronització amb el sistema informàtic, i la darrera és un anàlisis de la bancada.&#xd;
La bancada la hem realitzat amb perfils d’alumini i un cop l’hem muntada, s’ha realitzat un estudi, per&#xd;
poder valorar els punts més febles e inclòs reforçar-la si fos necessari.&#xd;
Per l’adquisició de la bomba s’han realitzat diverses comparatives entre l’amplia gamma de bombes&#xd;
volumètriques, hem optat per escollir una bomba de membrana ja que és la més econòmica i estem&#xd;
bastant limitats en aquest aspecte.&#xd;
S’ha realitzat el sinòptic del banc de proves mitjançant softwares actuals i s’ha implementat el procés a&#xd;
l’ordinador per poder fer-ho més didàctic de cara a l’execució de les diferents pràctiques.&#xd;
La metodologia que es segueix per a dissenyar el banc es basa en realitzar un anàlisis de mercat per&#xd;
conèixer les característiques i els preus de les maquetes docents comercials, amb la finalitat de tractar&#xd;
d’elaborar-ho amb aproximadament les mateixes prestacions però amb el mínim cost. Els bancs d’assaigs&#xd;
del mercat estan formats per diverses bombes però en el nostre cas l’hem hagut de realitzar amb una única&#xd;
bomba de membrana per poder fer-ho més econòmic, s’ha deixat espai per poder acoblar en un futur una&#xd;
altre bomba, e inclòs afegir-hi al costat un altre mòdul amb altres bombes.&#xd;
Finalment, en el laboratori del departament de Mecànica de Fluids i amb col·laboració dels Serveis&#xd;
Tècnics de Laboratori s’ha construït el banc de proves format per una bancada realitzada, com he dit&#xd;
anteriorment, a partir de perfileria d’alumini amb els seus accessoris i una bomba volumètrica de&#xd;
membrana amb el seu sistema de canonades i aparells de mesura, deixant habilitat un espai per poder&#xd;
ampliar en un futur el banc i realitzar més pràctiques.</subfield>
   </datafield>
   <datafield tag="653" ind2=" " ind1=" ">
      <subfield code="a">Àrees temàtiques de la UPC::Enginyeria mecànica</subfield>
   </datafield>
   <datafield tag="653" ind2=" " ind1=" ">
      <subfield code="a">Hydraulic circuits</subfield>
   </datafield>
   <datafield tag="653" ind2=" " ind1=" ">
      <subfield code="a">Banc hidràulic</subfield>
   </datafield>
   <datafield tag="653" ind2=" " ind1=" ">
      <subfield code="a">Bombes volumètriques</subfield>
   </datafield>
   <datafield tag="653" ind2=" " ind1=" ">
      <subfield code="a">Bancada</subfield>
   </datafield>
   <datafield tag="653" ind2=" " ind1=" ">
      <subfield code="a">Circuits hidràulics</subfield>
   </datafield>
   <datafield ind2="0" ind1="0" tag="245">
      <subfield code="a">Disseny i construcció d’un banc hidràulic de proves per a bombes volumètriques</subfield>
   </datafield>
</record></metadata></record></GetRecord></OAI-PMH>